Vigo, puerto y puerta de Galicia (Record no. 23383)

MARC details
000 -LEADER
campo de control de longitud fija 00698nam a2200193 i 4500
001 - NÚMERO DE CONTROL
campo de control 23383
003 - IDENTIFICADOR DE NÚMERO DE CONTROL
campo de control ES-MaACL
005 - FECHA Y HORA DE LA ÚLTIMA TRANSACCIÓN
campo de control 20240206144700.0
007 - CAMPO FIJO DE DESCRIPCIÓN FÍSICA--INFORMACIÓN GENERAL
campo de control de longitud fija t|
008 - DATOS DE LONGITUD FIJA--INFORMACIÓN GENERAL
campo de control de longitud fija 021210s1954 sp ||||1| spa d
100 1# - ENTRADA PRINCIPAL--NOMBRE DE PERSONA
Nombre de persona Álvarez Blázquez, Xosé María.
9 (RLIN) 20707
245 10 - MENCIÓN DEL TÍTULO
Título Vigo, puerto y puerta de Galicia
Resto del título : guía de la ciudad /
Mención de responsabilidad, etc. José María Alvarez Blázquez, Luis Viñas Cortegoso, Emilio Alvarez-Blázquez.
260 ## - PUBLICACIÓN, DISTRIBUCIÓN, ETC.
Lugar de publicación, distribución, etc. [Vigo] :
Nombre del editor, distribuidor, etc. Letras,
Fecha de publicación, distribución, etc. 1954 (
Fabricante Faro)
300 ## - DESCRIPCIÓN FÍSICA
Extensión 116 p. :
Otras características físicas 8 gráf. pleg., il. ;
Dimensiones 19 cm.
700 1# - ENTRADA AGREGADA--NOMBRE PERSONAL
Nombre de persona Viñas Cortegoso, Luis.
9 (RLIN) 115379
700 1# - ENTRADA AGREGADA--NOMBRE PERSONAL
Nombre de persona Álvarez Blázquez, Emilio,
Fechas asociadas al nombre 1916-1988
9 (RLIN) 20706
852 ## - LOCALIZACIÓN
Ubicación ES-MaACL
Número de control de estantería C-9704
Sublocalización o colección R.36818
Holdings
Estatus retirado Estado de pérdida Estado de daño No para préstamo Biblioteca de origen Biblioteca actual Ubicación en estantería Fecha de adquisición Fuente de adquisición Total de préstamos Signatura topográfica completa Código de barras Visto por última vez Precio de reemplazo Tipo de ítem Koha
        Biblioteca del Ateneo de Madrid Biblioteca del Ateneo de Madrid Sala Palomar 17/01/2008     C-9704 1024090 23/02/2023 23/02/2023 Libro impreso